Movies Quiz

Random Movies or Quote Quiz

AFI Quotes - Word for Word III Quiz Stats

Quiz Updated Apr 16, 2015

Challenge
Share
Tweet
Embed
Score 0/127 Timer 06:00
4 Plays Today
% Correct
I
98.4%
I
98.4%
I
98.4%
I
98.4%
a
97.9%
a
97.9%
A
97.9%
a
97.9%
'Do
94.8%
do
94.8%
ya,
94%
you,
93.6%
you
93.6%
you
93.6%
to
91.2%
to
91.2%
to
91.2%
to
91.2%
don't
91.2%
don't
91.2%
don't
91.2%
my
91.1%
my
91.1%
my
91.1%
We
90.9%
We
90.9%
damn
90.6%
damn.
90.4%
give
88.5%
no
88.3%
no
88.3%
no
88.3%
Frankly,
87.7%
your
87.5%
your
87.5%
dear,
87.3%
me,
85.2%
me.
85.2%
Take
84.2%
and
83.2%
and
83.2%
ape!
81.8%
feel
81.3%
% Correct
Well,
79.8%
Well,
79.8%
punk?
79.7%
get
79.5%
off
79.3%
lucky?'
78.7%
dirty
76.9%
paws
75.3%
be
73.5%
I'll
72.8%
I'll
72.8%
dog,
70.4%
little
70.4%
too!
69.9%
like
69.2%
pretty,
68.2%
beans
67.7%
home.
67.7%
There's
67.3%
place
67.1%
with
66.6%
nice
64.9%
As
64.1%
any
63.5%
Chianti.
62.7%
in
62.1%
Fava
61.4%
ate
61.3%
some
61.2%
liver
61%
stinking
60.2%
stinking
60.2%
his
60.2%
is
60.1%
is
60.1%
we're
58.1%
Bond.
57.7%
Bond.
57.7%
never
57.6%
never
57.6%
have
57.5%
James
57.5%
Love
56.5%
% Correct
not
55.3%
Kansas
55%
got
53.4%
anymore.
53.1%
got
53%
Toto,
52.8%
ask
52.3%
you're
51.6%
yourself
50.8%
say
50.7%
having
48.8%
sorry.
48.4%
God
47.8%
means
46.8%
witness,
46.4%
need
45.9%
question:
45.3%
one
45.3%
again.
44.4%
feeling
40.3%
You've
40.2%
Badges?
40.2%
badges!
40.2%
badges!
40.2%
badges!
40.2%
hungry
40.1%
I've
38.1%
once
35.8%
show
34.3%
ain't
33.6%
tried
33.1%
census
32.5%
taker
31.4%
day!
30.9%
tomorrow
27.5%
perfect.
27.5%
another
27.4%
nobody's
27.2%
all,
25.3%
test
21.1%
After
20.8%

You're not logged in!

Compare scores with friends on all Sporcle quizzes.
Sign Up with Email
OR
Log In

You Might Also Like...

Show Comments

Extras

Top Quizzes Today


Score Distribution

Your Account Isn't Verified!

In order to create a playlist on Sporcle, you need to verify the email address you used during registration. Go to your Sporcle Settings to finish the process.